Coreia do Sul - Statistics

Estatísticas Gerais
  • Esse quiz foi jogado 144 vezes
  • A pontuação média é 9 de 15
Estatísticas das Respostas
Hint Resposta % Correto
Qual é o seu idioma? Coreano
100%
Qual é a sua capital? Seul
100%
Onde fica? Ásia
98%
Qual é o único país com que faz fronteira? Coreia do Norte
97%
Como se chama a famosa boys band do país? BTS
90%
Como se chama a sua moeda? Won
84%
Que cantor ficou conhecido pela música Gangnam Style? Psy
76%
Qual é a bebida típica do país? Jinro Soju
71%
Como se chama o traje do país? Hanbok
40%
Como se chama o prato típico? Kimchi
40%
Como se chama a marca do país que tem o slogan "Life's Good"? LG
36%
Qual é o desporto mais praticado? Taekwondo
23%
Qual é o seu código ISO? KR
17%
Na cultura coreana qual é o símbolo que significa fortuna e sorte? Fezes
4%
Como se chama a dança tradicional? Hanguk Eumak
1%
Nenhum quiz correspondente encontrado
Distribuição das Pontuações
Porcentagem de Pessoas com Cada Pontuação
Percentil de Números Respondidos
Sua Pontuação Histórica
Você não jogou esse quiz